000 00335nam a22001337a 4500
005 20250925105712.0
008 250925b |||||||| |||| 00| 0 eng d
050 _aSB455
_b.B258 BAK
100 _aBAKER JERRY
245 _aPLANTS ARE LIKE PEOPLE
260 _aLOS ANGELES
_bNASH PUBLISHING
_cc1971
300 _a363p
942 _2lcc
_cBK
_n0
999 _c7705
_d7705